[Event "Titled Tuesday intern op 23rd Apr Late"]
[Site "Chess.com INT"]
[Date "2024.04.23"]
[Round "1"]
[White "Kostiukov, Alexandr"]
[Black "Zhizmer, Yuri"]
[Result "0-1"]
[WhiteElo "2271"]
[BlackElo "2289"]
[PlyCount "134"]
[EventDate "2024.04.23"]
[EventType "swiss (blitz)"]
[EventRounds "11"]
[EventCountry "USA"]
[SourceTitle "CB18_2024"]
[SourceDate "2024.05.01"]
[SourceVersion "1"]
[SourceVersionDate "2024.05.01"]
[SourceQuality "2"]

1. g3 d5 2. Bg2 c6 3. d3 Nf6 4. e4 dxe4 5. dxe4 Qxd1+ 6. Kxd1 g6 7. f3 Bg7 8. c3 0-0 9. Be3 Rd8+ 10. Nd2 b6 11. Kc2 Ba6 12. Bf1 Bxf1 13. Rxf1 Nbd7 14. Nh3 e6 15. Nf2 Ne5 16. Bd4 Ne8 17. f4 Nd7 18. Be3 Nd6 19. Rd1 Ne8 20. e5 Bf8 21. Nfe4 Be7 22. Nc4 f5 23. Ned6 Nxd6 24. Nxd6 Nf8 25. Nc4 Kf7 26. a4 Nd7 27. b4 c5 28. b5 Nf8 29. a5 Nd7 30. Ra1 a6 31. Nxb6 Nxb6 32. axb6 axb5 33. Ra7 Rxa7 34. bxa7 Ra8 35. Ra1 Ke8 36. Ra5 Kd7 37. Rxb5 Rxa7 38. Kb3 Kc6 39. Rb8 Ra1 40. Re8 Kd7 41. Rh8 Re1 42. Bd2 Re2 43. Bc1 Rxh2 44. Kc4 Rh3 45. Ba3 Kc6 46. Re8 Kd7 47. Rh8 h5 48. Rh7 Ke8 49. Rh8+ Kf7 50. Rh7+ Kf8 51. Bxc5 Bxc5 52. Kxc5 Rxg3 53. Kd6 Kg8 54. Re7 h4 55. Kxe6 h3 56. Re8+ Kg7 57. Re7+ Kh6 58. Re8 Kh5 59. Kf7 Rxc3 60. e6 Kg4 61. Kxg6 h2 62. Rh8 Rh3 63. Rxh3 Kxh3 64. e7 h1Q 65. e8Q Qe4 66. Qf8 Kg4 67. Qf6 Qxf4 0-1

[Event "Titled Tuesday intern op 23rd Apr Late"]
[Site "Chess.com INT"]
[Date "2024.04.23"]
[Round "8"]
[White "Zhizmer, Yuri"]
[Black "Rogov, Matfey"]
[Result "1-0"]
[WhiteElo "2289"]
[BlackElo "2191"]
[PlyCount "73"]
[EventDate "2024.04.23"]
[EventType "swiss (blitz)"]
[EventRounds "11"]
[EventCountry "USA"]
[SourceTitle "CB18_2024"]
[SourceDate "2024.05.01"]
[SourceVersion "1"]
[SourceVersionDate "2024.05.01"]
[SourceQuality "2"]

1. b3 e5 2. Nf3 e4 3. Ng1 d5 4. Bb2 f5 5. e3 Nf6 6. d3 c6 7. Ne2 Bd6 8. g3 Be6 9. Bg2 Nbd7 10. Nf4 Bf7 11. 0-0 Qe7 12. dxe4 fxe4 13. c4 g5 14. Ne2 h5 15. cxd5 cxd5 16. Nd4 Bg6 17. Nb5 Be5 18. Ba3 Qe6 19. N1c3 h4 20. Nd4 Qf7 21. Ncb5 hxg3 22. fxg3 Qh7 23. h3 g4 24. h4 Bxg3 25. Nd6+ Bxd6 26. Bxd6 Qxh4 27. Qe1 Qxe1 28. Raxe1 a6 29. Rc1 Kf7 30. Rc7 Rhd8 31. Be5 Ke7 32. Bxf6+ Kd6 33. Bxd8 Rxd8 34. Rxb7 Ne5 35. Rf6+ Kc5 36. Bf1 a5 37. Rb5# 1-0

[Event "Titled Tuesday intern op 16th Apr Early"]
[Site "Chess.com INT"]
[Date "2024.04.16"]
[Round "5"]
[White "Jovic, Stanoje"]
[Black "Zhizmer, Yuri"]
[Result "0-1"]
[WhiteElo "2097"]
[BlackElo "2289"]
[PlyCount "94"]
[EventDate "2024.04.16"]
[EventType "swiss (blitz)"]
[EventRounds "11"]
[EventCountry "USA"]
[SourceTitle "CB17_2024"]
[SourceDate "2024.04.24"]
[SourceVersion "1"]
[SourceVersionDate "2024.04.24"]
[SourceQuality "1"]

1. c4 c6 2. e4 d5 3. exd5 cxd5 4. cxd5 Nf6 5. Qa4+ Nbd7 6. Bc4 g6 7. d3 Bg7 8. Nc3 0-0 9. Nf3 a6 10. Qa3 Nb6 11. Qb3 Nxc4 12. dxc4 e6 13. 0-0 exd5 14. cxd5 b5 15. a4 bxa4 16. Rxa4 Bd7 17. Rb4 a5 18. Rb7 a4 19. Qb4 Re8 20. Be3 Bc8 21. Bb6 Nxd5 22. Bxd8 Nxb4 23. Rxb4 Rxd8 24. Rxa4 Rb8 25. h3 Rxb2 26. Ne4 Bf5 27. Ng3 Bc2 28. Ra7 h6 29. Re1 Bb3 30. Rb7 Bd5 31. Rxb2 Bxb2 32. Rd1 Bf6 33. Nh2 Bc6 34. Rxd8+ Bxd8 35. Ng4 Kg7 36. Ne5 Bd5 37. f4 Bb6+ 38. Kf1 Be3 39. Ne2 h5 40. g3 Kf6 41. h4 Kf5 42. Ke1 f6 43. Nd3 Kg4 44. Nb4 Bb7 45. Nc2 Bc5 46. Na1 Kf3 47. Nb3 Bf2+ 0-1

[Event "Titled Tuesday intern op 16th Apr Late"]
[Site "Chess.com INT"]
[Date "2024.04.16"]
[Round "4"]
[White "Zhizmer, Yuri"]
[Black "Chassard, Cedric"]
[Result "1-0"]
[WhiteElo "2289"]
[BlackElo "2254"]
[PlyCount "81"]
[EventDate "2024.04.16"]
[EventType "swiss (blitz)"]
[EventRounds "11"]
[EventCountry "USA"]
[SourceTitle "CB17_2024"]
[SourceDate "2024.04.24"]
[SourceVersion "1"]
[SourceVersionDate "2024.04.24"]
[SourceQuality "1"]

1. e4 e5 2. Nf3 Nf6 3. Nxe5 Nxe4 4. Qe2 Qe7 5. Qxe4 d6 6. d4 dxe5 7. Qxe5 Qxe5+ 8. dxe5 Nc6 9. Bb5 Bd7 10. Bxc6 Bxc6 11. 0-0 0-0-0 12. Nc3 Bb4 13. Re1 Rhe8 14. Bg5 Rd4 15. h3 Bxc3 16. bxc3 Rc4 17. Re3 h6 18. Bxh6 gxh6 19. Rae1 Re6 20. Rg3 Rg6 21. Ree3 Re4 22. Rxe4 Bxe4 23. Rxg6 Bxg6 24. f4 Bxc2 25. Kf2 Kd7 26. g4 Bb1 27. a3 Ke6 28. Ke3 Kd5 29. h4 Bc2 30. Kf3 Bd1+ 31. Kg3 Ke4 32. h5 b5 33. g5 Bxh5 34. gxh6 Bg6 35. Kg4 c5 36. Kg5 a5 37. e6 b4 38. exf7 Bxf7 39. h7 bxc3 40. h8Q c2 41. Qh7+ 1-0

[Event "Titled Tuesday intern op 02nd Apr Late"]
[Site "Chess.com INT"]
[Date "2024.04.02"]
[Round "3"]
[White "Trakru, Rohun"]
[Black "Zhizmer, Yuri"]
[Result "0-1"]
[WhiteElo "1969"]
[BlackElo "2289"]
[PlyCount "76"]
[EventDate "2024.04.02"]
[EventType "swiss (blitz)"]
[EventRounds "11"]
[EventCountry "USA"]
[SourceTitle "CB15_2024"]
[SourceDate "2024.04.10"]
[SourceVersion "1"]
[SourceVersionDate "2024.04.10"]
[SourceQuality "1"]

1. e4 c6 2. Nf3 d5 3. exd5 cxd5 4. d4 Nf6 5. Ne5 a6 6. c4 dxc4 7. Bxc4 e6 8. Nc3 Be7 9. 0-0 0-0 10. Bg5 b5 11. Be2 Bb7 12. Bf3 Bxf3 13. Qxf3 Ra7 14. Rfd1 Nd5 15. Bxe7 Rxe7 16. Nxd5 Qxd5 17. Qxd5 exd5 18. Rac1 Rfe8 19. g3 f6 20. Nf3 Re2 21. Rd2 Rxd2 22. Nxd2 Nd7 23. Rc7 Nf8 24. Rc6 Ne6 25. Nb3 a5 26. Nxa5 Nxd4 27. Rd6 Nf3+ 28. Kg2 Ne1+ 29. Kf1 Nd3 30. Rxd5 Re1+ 31. Kg2 Nxb2 32. Rxb5 Re2 33. Kf3 Rc2 34. Nb3 Nd1 35. a4 Rxf2+ 36. Kg4 Ne3+ 37. Kh3 h5 38. Rxh5 g5 0-1

[Event "Titled Tuesday intern op 02nd Apr Early"]
[Site "Chess.com INT"]
[Date "2024.04.02"]
[Round "4"]
[White "Tymrakiewicz, Rafal"]
[Black "Zhizmer, Yuri"]
[Result "1/2-1/2"]
[WhiteElo "2135"]
[BlackElo "2289"]
[PlyCount "189"]
[EventDate "2024.04.02"]
[EventType "swiss (blitz)"]
[EventRounds "11"]
[EventCountry "USA"]
[SourceTitle "CB15_2024"]
[SourceDate "2024.04.10"]
[SourceVersion "1"]
[SourceVersionDate "2024.04.10"]
[SourceQuality "1"]

1. e4 e6 2. d4 d5 3. e5 c5 4. c3 Nc6 5. Nf3 Nge7 6. h4 h5 7. Bg5 Qb6 8. Qd2 Nf5 9. dxc5 Bxc5 10. b4 Be7 11. Bd3 a5 12. b5 Nb8 13. 0-0 Bxg5 14. Qxg5 Qd8 15. Qxd8+ Kxd8 16. Bxf5 exf5 17. Rd1 Be6 18. c4 d4 19. Nxd4 Ke7 20. Nxe6 fxe6 21. Na3 Nd7 22. Rd6 Nxe5 23. Rb6 Rhc8 24. Re1 Nxc4 25. Rbxe6+ Kf8 26. Nxc4 Rxc4 27. R1e5 Rxh4 28. Rxf5+ Kg8 29. Rb6 Rd8 30. g3 Rg4 31. Rxb7 h4 32. Kg2 hxg3 33. fxg3 Rd2+ 34. Kh3 Rg6 35. Ra7 Rxa2 36. Ra8+ Kh7 37. b6 Rh6+ 38. Kg4 Ra4+ 39. Rf4 Rg6+ 40. Kf3 Ra3+ 41. Kf2 Rxb6 42. Kg2 Rg6 43. g4 Rb6 44. Rf3 Ra4 45. Kg3 Rbb4 46. g5 Rg4+ 47. Kf2 Rxg5 48. Rh3+ Kg6 49. Ra6+ Kf7 50. Rf3+ Ke7 51. Re3+ Kd7 52. Rd3+ Kc7 53. Rc3+ Kb7 54. Re6 Rf5+ 55. Ke3 g5 56. Rec6 Re5+ 57. Kf3 Rf4+ 58. Kg3 Re3+ 59. Rxe3 Kxc6 60. Re5 a4 61. Rxg5 Rd4 62. Ra5 Kb6 63. Ra8 Kb5 64. Kf3 Kb4 65. Ke3 Rd7 66. Rb8+ Ka3 67. Ke2 Ka2 68. Ke3 a3 69. Ke2 Rd6 70. Ke3 Ka1 71. Ke2 a2 72. Ke1 Rd5 73. Ke2 Rd7 74. Ke1 Rd3 75. Ke2 Rh3 76. Kd1 Rc3 77. Kd2 Rc6 78. Kd1 Rc5 79. Kd2 Rh5 80. Kc2 Rh2+ 81. Kc3 Rh1 82. Kc2 Rb1 83. Rg8 Rf1 84. Rb8 Rf2+ 85. Kc1 Rh2 86. Rb7 Rh1+ 87. Kc2 Rh2+ 88. Kc1 Rh3 89. Kc2 Rh4 90. Kc1 Rc4+ 91. Kd2 Rc5 92. Kd1 Rc8 93. Kd2 Rh8 94. Kc2 Rh2+ 95. Kc1 1/2-1/2

[Event "Titled Tuesday intern op 12th Mar Late"]
[Site "Chess.com INT"]
[Date "2024.03.12"]
[Round "8"]
[White "Zhizmer, Yuri"]
[Black "Czopor, Maciej"]
[Result "1-0"]
[WhiteElo "2293"]
[BlackElo "2359"]
[PlyCount "83"]
[EventDate "2024.03.12"]
[EventType "swiss (blitz)"]
[EventRounds "11"]
[EventCountry "USA"]
[SourceTitle "CB12_2024"]
[SourceDate "2023.10.01"]
[SourceVersion "1"]
[SourceVersionDate "2023.10.01"]
[SourceQuality "1"]

1. f4 Nh6 2. Nf3 d5 3. b3 Nf5 4. Bb2 a5 5. a4 h5 6. e3 h4 7. Be2 e6 8. Nc3 Bc5 9. Nb5 f6 10. Nbd4 Nc6 11. Nxf5 exf5 12. 0-0 Bd7 13. c4 dxc4 14. Bxc4 Qe7 15. d4 Bd6 16. Re1 0-0-0 17. h3 Nb4 18. Bc3 Kb8 19. Qe2 g5 20. d5 g4 21. Nd4 gxh3 22. gxh3 Rdg8+ 23. Kh2 Rg3 24. Ne6 Nxd5 25. Bxd5 Bxe6 26. Bf3 Rhg8 27. Rg1 Qg7 28. Rg2 Rxg2+ 29. Bxg2 Qg3+ 30. Kh1 Bc5 31. Qf3 Qxf3 32. Bxf3 Rg3 33. Bg2 Rxe3 34. Bxf6 Bxb3 35. Bxh4 Bb6 36. Bf6 c5 37. h4 c4 38. Rb1 Ka7 39. h5 Re6 40. Bg7 Bc7 41. h6 Bxf4 42. h7 1-0

[Event "Titled Tuesday intern op 12th Mar Late"]
[Site "Chess.com INT"]
[Date "2024.03.12"]
[Round "11"]
[White "Zhizmer, Yuri"]
[Black "Lin, Bryan Enming"]
[Result "0-1"]
[WhiteElo "2293"]
[BlackElo "2111"]
[PlyCount "72"]
[EventDate "2024.03.12"]
[EventType "swiss (blitz)"]
[EventRounds "11"]
[EventCountry "USA"]
[SourceTitle "CB12_2024"]
[SourceDate "2023.10.01"]
[SourceVersion "1"]
[SourceVersionDate "2023.10.01"]
[SourceQuality "1"]

1. Nf3 Nf6 2. b4 a5 3. b5 g6 4. a4 Bg7 5. Bb2 0-0 6. e3 b6 7. Be2 Bb7 8. 0-0 d6 9. c4 e5 10. d4 e4 11. Nfd2 h5 12. Nc3 Nbd7 13. Qc2 Re8 14. Rfe1 Qe7 15. Bf1 Nh7 16. Nd5 Bxd5 17. cxd5 Nhf6 18. Rac1 Nxd5 19. Qb3 N7f6 20. g3 h4 21. Bg2 Nb4 22. Rc3 hxg3 23. hxg3 Bh6 24. Rec1 Rac8 25. Ba3 Nd3 26. Rd1 Qd7 27. Nxe4 Nxe4 28. Rcxd3 d5 29. Qc2 Kg7 30. Bxe4 Rxe4 31. Rc3 Bg5 32. Rc6 Rh8 33. Kf1 Rh1+ 34. Ke2 Qg4+ 35. Kd2 Rxd1+ 36. Qxd1 Rxd4+ 0-1

[Event "Titled Tuesday intern op 27th Feb Late"]
[Site "Chess.com INT"]
[Date "2024.02.27"]
[Round "9"]
[White "Zhizmer, Yuri"]
[Black "Mickiewicz, Piotr"]
[Result "0-1"]
[WhiteElo "2295"]
[BlackElo "2239"]
[PlyCount "112"]
[EventDate "2024.02.27"]
[EventType "swiss (blitz)"]
[EventRounds "11"]
[EventCountry "USA"]
[SourceTitle "CB10_2024"]
[SourceDate "2024.03.06"]
[SourceVersion "1"]
[SourceVersionDate "2024.03.06"]
[SourceQuality "1"]

1. b3 d5 2. Bb2 Nf6 3. Nf3 Bf5 4. e3 e6 5. Be2 h6 6. 0-0 Be7 7. c4 0-0 8. cxd5 exd5 9. Nc3 c6 10. Re1 Re8 11. Bf1 Nbd7 12. d4 Bd6 13. g3 Bb4 14. a3 Bd6 15. Bg2 a5 16. Rc1 Qe7 17. Ra1 Ne4 18. Nxe4 Bxe4 19. Nd2 Bxg2 20. Kxg2 Nf6 21. Qf3 Qe6 22. h3 h5 23. Rh1 g6 24. Bc3 Ne4 25. Nxe4 dxe4 26. Qd1 Bc7 27. b4 a4 28. g4 h4 29. Rc1 Red8 30. Qe2 Rd5 31. Bb2 Bd6 32. f4 exf3+ 33. Qxf3 Re8 34. Rce1 f5 35. Rhf1 Bg3 36. Re2 Bc7 37. Kh1 Qd6 38. Rg2 Rf8 39. gxf5 Rdxf5 40. Qxf5 Rxf5 41. Rxf5 Qe6 42. Rf3 Bg3 43. Rgxg3 hxg3 44. Rxg3 Qe4+ 45. Kh2 Kf7 46. h4 Ke6 47. Kh3 Qh1+ 48. Kg4 Qd1+ 49. Kh3 Qc2 50. Rg2 Qf5+ 51. Kh2 Qe4 52. Bc1 Qxh4+ 53. Kg1 Qe1+ 54. Kh2 Qxc1 55. Rxg6+ Kf5 56. Rg1 Qxe3 0-1

[Event "Titled Tuesday intern op 27th Feb Late"]
[Site "Chess.com INT"]
[Date "2024.02.27"]
[Round "11"]
[White "Zhizmer, Yuri"]
[Black "Rose, Felix"]
[Result "1-0"]
[WhiteElo "2295"]
[BlackElo "2091"]
[PlyCount "29"]
[EventDate "2024.02.27"]
[EventType "swiss (blitz)"]
[EventRounds "11"]
[EventCountry "USA"]
[SourceTitle "CB10_2024"]
[SourceDate "2024.03.06"]
[SourceVersion "1"]
[SourceVersionDate "2024.03.06"]
[SourceQuality "1"]

1. g3 d5 2. Bg2 e6 3. c4 dxc4 4. Nf3 Nf6 5. 0-0 c5 6. Na3 Bd7 7. Nxc4 Bc6 8. Nce5 Bd5 9. d3 b5 10. e4 Bb7 11. Ng5 Qc7 12. Nexf7 Rg8 13. Bf4 Qb6 14. Ne5 Bd6 15. Nxh7 1-0

[Event "ISR-ch op"]
[Site "Safed"]
[Date "2021.12.08"]
[Round "1"]
[White "Donchik, Alexander"]
[Black "Zhizmer, Yuri"]
[Result "0-1"]
[WhiteElo "1809"]
[BlackElo "2345"]
[PlyCount "92"]
[EventDate "2021.12.08"]
[EventType "swiss"]
[EventRounds "9"]
[EventCountry "ISR"]
[SourceTitle "CBM 205 Extra"]
[Source "ChessBase"]
[SourceDate "2022.01.31"]
[SourceVersion "1"]
[SourceVersionDate "2022.01.31"]
[SourceQuality "1"]

1. e4 Nc6 2. d4 e5 3. d5 Nce7 4. b3 Ng6 5. Bb2 Bc5 6. g3 d6 7. Nf3 Nf6 8. Bd3 Bh3 9. Ng5 Bxf2+ 10. Kd2 Bg2 11. Qe2 Bxh1 12. Qxf2 h6 13. Nxf7 Kxf7 14. Nc3 Rf8 15. Rxh1 Kg8 16. Qe2 a6 17. Nd1 c6 18. Ne3 Ne7 19. c4 Qa5+ 20. Kc2 cxd5 21. cxd5 b5 22. Kb1 Rac8 23. g4 Ng6 24. Ng2 Nd7 25. Bc1 Qd8 26. g5 hxg5 27. Qg4 Nc5 28. Bxg5 Qd7 29. Qxd7 Nxd7 30. Be3 Nf4 31. Nxf4 exf4 32. Bd4 Ne5 33. Bc2 Kf7 34. Rf1 Ke7 35. h4 g6 36. Rg1 Nf3 37. Rd1 Nxd4 38. Rxd4 f3 39. Bd3 Rf4 40. a4 Rc3 41. Bf1 Rxb3+ 42. Kc2 Re3 43. axb5 axb5 44. Kd2 Rexe4 45. Rxe4+ Rxe4 46. Bxb5 f2 0-1